<?xml version="1.0" encoding="UTF-8"?>
<record
    xmlns:xsi="http://www.w3.org/2001/XMLSchema-instance"
    xsi:schemaLocation="http://www.loc.gov/MARC21/slim http://www.loc.gov/standards/marcxml/schema/MARC21slim.xsd"
    xmlns="http://www.loc.gov/MARC21/slim">

  <leader>02910nam a2200349 i 4500</leader>
  <controlfield tag="003">CO-MdUADB</controlfield>
  <controlfield tag="005">20240830090156.0</controlfield>
  <controlfield tag="007">ta</controlfield>
  <controlfield tag="008">240130s2023    us  |||fr|||| 001 0deng d</controlfield>
  <datafield tag="020" ind1=" " ind2=" ">
    <subfield code="a">9780472055029</subfield>
  </datafield>
  <datafield tag="040" ind1=" " ind2=" ">
    <subfield code="a">CO-MdUADB</subfield>
    <subfield code="b">spa</subfield>
    <subfield code="c">CO-MdUADB</subfield>
    <subfield code="e">rda</subfield>
  </datafield>
  <datafield tag="041" ind1="0" ind2=" ">
    <subfield code="a">eng</subfield>
  </datafield>
  <datafield tag="082" ind1="7" ind2="4">
    <subfield code="a">781</subfield>
  </datafield>
  <datafield tag="100" ind1="1" ind2=" ">
    <subfield code="9">857544</subfield>
    <subfield code="a">Ewell, Philip</subfield>
    <subfield code="e">aut</subfield>
  </datafield>
  <datafield tag="245" ind1="1" ind2="0">
    <subfield code="a">On music theory :</subfield>
    <subfield code="b">and making music more welcoming for everyone</subfield>
  </datafield>
  <datafield tag="264" ind1=" " ind2="1">
    <subfield code="a">Ann Arbor :</subfield>
    <subfield code="b">University of Michigan Press,</subfield>
    <subfield code="c">2023.</subfield>
  </datafield>
  <datafield tag="300" ind1=" " ind2=" ">
    <subfield code="a">xvii, 314 p&#xE1;ginas :</subfield>
    <subfield code="b">tablas.</subfield>
  </datafield>
  <datafield tag="336" ind1=" " ind2=" ">
    <subfield code="2">rdacontent</subfield>
    <subfield code="a">texto</subfield>
    <subfield code="b">txt</subfield>
  </datafield>
  <datafield tag="337" ind1=" " ind2=" ">
    <subfield code="a">no mediado</subfield>
  </datafield>
  <datafield tag="338" ind1=" " ind2=" ">
    <subfield code="a">volumen</subfield>
  </datafield>
  <datafield tag="490" ind1="1" ind2=" ">
    <subfield code="a">Music and Social Justice</subfield>
  </datafield>
  <datafield tag="500" ind1=" " ind2=" ">
    <subfield code="a">Incluye bibliograf&#xED;a e &#xED;ndice.</subfield>
  </datafield>
  <datafield tag="505" ind1="0" ind2="0">
    <subfield code="t">Introducci&#xF3;n: Sobre la teor&#xED;a musical. --</subfield>
    <subfield code="t">1. Sobre teor&#xED;a musical, raza y racismo. --</subfield>
    <subfield code="t">2. Sobre las mitolog&#xED;as blancas. --</subfield>
    <subfield code="t">3. Sobre Heinrich Schenker y su legado. --</subfield>
    <subfield code="t">4. Sobre el volumen 12 de la Revista de estudios schenkerianos. --</subfield>
    <subfield code="t">5. Sobre la antinegritud de la teor&#xED;a musical. --</subfield>
    <subfield code="t">6. Sobre el antisemitismo de la m&#xFA;sica cl&#xE1;sica. --</subfield>
    <subfield code="t">Final: Sobre el camino a seguir y el futuro de la teor&#xED;a musical.</subfield>
  </datafield>
  <datafield tag="520" ind1="3" ind2=" ">
    <subfield code="a">Desde sus inicios a mediados del siglo XX, la teor&#xED;a musical estadounidense ha sido formulada y ense&#xF1;ada casi exclusivamente por hombres blancos. Como resultado, la blancura y la masculinidad est&#xE1;n entretejidas en el tejido del campo, y los te&#xF3;ricos de la m&#xFA;sica BIPOC enfrentan enormes obst&#xE1;culos debido a sus identidades raciales. En On Music Theory, Philip Ewell re&#xFA;ne autobiograf&#xED;a, teor&#xED;a e historia musical, y teor&#xED;a e historia de la raza en los Estados Unidos para ofrecer una perspectiva negra sobre el estado de la teor&#xED;a musical y confrontar las ra&#xED;ces supremacistas blancas del campo. A lo largo del libro, Ewell realiza un an&#xE1;lisis de libros de texto para desentra&#xF1;ar las mitolog&#xED;as de la blancura y la occidentalidad con respecto a la teor&#xED;a musical y ofrece, por primera vez, su perspectiva sobre la controversia en torno a la publicaci&#xF3;n del volumen 12 del Journal of Schenkerian Studies. Habla directamente sobre la antinegritud de la teor&#xED;a musical y el antisemitismo de la m&#xFA;sica cl&#xE1;sica en general y concluye ofreciendo sugerencias sobre c&#xF3;mo avanzar. Adoptando un enfoque expl&#xED;citamente antirracista de la teor&#xED;a musical, con este libro Ewell comienza a crear un espacio en el que aquellos que han sido marginados en la teor&#xED;a musical puedan prosperar. [Tomado y traducido de la contratapa del libro].</subfield>
  </datafield>
  <datafield tag="650" ind1="1" ind2="7">
    <subfield code="2">armarc</subfield>
    <subfield code="a">M&#xFA;sica</subfield>
    <subfield code="x">Teor&#xED;as</subfield>
    <subfield code="9">1989</subfield>
  </datafield>
  <datafield tag="650" ind1="1" ind2="7">
    <subfield code="2">lemb</subfield>
    <subfield code="9">859081</subfield>
    <subfield code="a">M&#xFA;sica</subfield>
    <subfield code="x">Ense&#xF1;anza</subfield>
    <subfield code="z">Estados Unidos</subfield>
  </datafield>
  <datafield tag="650" ind1="1" ind2="7">
    <subfield code="2">lemb</subfield>
    <subfield code="9">88495</subfield>
    <subfield code="a">M&#xFA;sica y raza</subfield>
  </datafield>
  <datafield tag="650" ind1="1" ind2="0">
    <subfield code="9">859082</subfield>
    <subfield code="a">Antisemitismo en la m&#xFA;sica</subfield>
  </datafield>
  <datafield tag="650" ind1="2" ind2="7">
    <subfield code="2">armarc</subfield>
    <subfield code="9">859083</subfield>
    <subfield code="a">Antirracismo</subfield>
    <subfield code="z">Estados Unidos</subfield>
  </datafield>
  <datafield tag="830" ind1=" " ind2="0">
    <subfield code="9">859080</subfield>
    <subfield code="a">Music and Social Justice (University of Michigan Press)</subfield>
  </datafield>
  <datafield tag="942" ind1=" " ind2=" ">
    <subfield code="2">ddc</subfield>
    <subfield code="c">BOOK</subfield>
  </datafield>
  <datafield tag="999" ind1=" " ind2=" ">
    <subfield code="c">850975</subfield>
    <subfield code="d">850975</subfield>
  </datafield>
  <datafield tag="952" ind1=" " ind2=" ">
    <subfield code="0">0</subfield>
    <subfield code="1">0</subfield>
    <subfield code="2">ddc</subfield>
    <subfield code="4">0</subfield>
    <subfield code="7">0</subfield>
    <subfield code="8">GEN</subfield>
    <subfield code="a">BC</subfield>
    <subfield code="b">BC</subfield>
    <subfield code="d">2023-11-16</subfield>
    <subfield code="e">Amazon</subfield>
    <subfield code="f">COMP</subfield>
    <subfield code="g">199732.00</subfield>
    <subfield code="l">0</subfield>
    <subfield code="o">781.0973 E94</subfield>
    <subfield code="p">01094899</subfield>
    <subfield code="r">2024-02-19 00:00:00</subfield>
    <subfield code="w">2023-11-16</subfield>
    <subfield code="y">BOOK</subfield>
  </datafield>
</record>
